Poetry of Jayanta Mahapatra : (Record no. 4546)

MARC details
000 -LEADER
fixed length control field 00614cam a2200217ua 4500
008 - FIXED-LENGTH DATA ELEMENTS--GENERAL INFORMATION
fixed length control field 191012n ii |||gr||||Z||||||eng
020 ## - INTERNATIONAL STANDARD BOOK NUMBER
International Standard Book Number 81-7551-085-4
040 ## - CATALOGING SOURCE
Transcribing agency MAIN
041 ## - LANGUAGE CODE
-- eng
082 ## - DEWEY DECIMAL CLASSIFICATION NUMBER
Classification number 821.54
100 ## - MAIN ENTRY--PERSONAL NAME
Personal name Swain, Rabindra K,
Relator term
245 ## - TITLE STATEMENT
Title Poetry of Jayanta Mahapatra :
Remainder of title a critical study /
Statement of responsibility, etc. by Rabindra K Swain .
260 ## - PUBLICATION, DISTRIBUTION, ETC.
Place of publication, distribution, etc. New Delhi:
Name of publisher, distributor, etc. Prestige books,
Date of publication, distribution, etc. 2000.
300 ## - PHYSICAL DESCRIPTION
Extent 160p.
942 ## - ADDED ENTRY ELEMENTS (KOHA)
Koha item type Books
653 ## - INDEX TERM--UNCONTROLLED
Uncontrolled term Indian literature in English
653 ## - INDEX TERM--UNCONTROLLED
Uncontrolled term Indian poetry in English
653 ## - INDEX TERM--UNCONTROLLED
Uncontrolled term Poetry of Jayanta Mahapatra
653 ## - INDEX TERM--UNCONTROLLED
Uncontrolled term Indian poetry in English
Holdings
Withdrawn status Lost status Damaged status Not for loan Home library Current library Shelving location Date acquired Total Checkouts Full call number Barcode Date last seen Copy number Price effective from Koha item type
        Central Library, Naharkatiya College Central Library, Naharkatiya College General Stacks 19/09/2020   821.54English poetry | SWA 20710 19/09/2020 1 19/09/2020 Books

Naharkatiya College © 2020. All rights reserved.

Powered By